000 00477nam a2200181Ia 4500
003 GCL
008 140319s9999 xx 000 0 ara d
040 _aGCL /
_cGCL
082 0 4 _a128
_bم ف
245 1 0 _aفى النفس والجسد: بحث فى الفلسفة المعاصرة
300 _a228 ص
490 _a
650 0 4 _aالنفس
650 0 4 _aجسم الانسان
650 0 4 _aالسلوكية
650 0 4 _aالفلسفة - نظريات
942 _2ddc
_cBK
999 _c37951
_d37951